El amparo, ámbito de protección de los derechos fundamentales: (Registro nro. 20549)

Detalles MARC
000 -Cabecera
Campo de control interno 00513nam a2200181Ia 4500
005 - Fecha y hora del registro
control field 20260306172814.0
008 - Elementos de Longitud Fija
fixed length control field 260306t2017||||xx |||||||||||||| ||spa||
041 ## - Idioma
Codigo Idioma ESP
082 ## - DEWEY y NOTACIÓN INTERNA
Dewey 343.4
Notación Interna E386A
100 ## - AUTOR
Autor denominación Eto Cruz, Gerardo
Término de relación autor
245 #0 - TÍTULO DE MATERIAL BIBLIOGRÁFICO
Título El amparo, ámbito de protección de los derechos fundamentales:
Título paralelo análisis sistemático de la jurisprudencia del TC
260 ## - CIUDAD, EDITORIAL, AÑO
Año 2017
300 ## - DESCRIPCIÓN
N° Páginas 686 páginas :
Dimensiones 25 cm.
650 ## - TEMAS
Temas Generalidades
654 ## - PROGRAMAS
Programa Dpto. de Derecho y Ciencia Política
942 ## - ELEMENTOS DE KOHA
Tipo de documento Libro
Nombre del creador Justo Noguera
Código de catalogador Justo Noguera
Esquema de clasificación Dewey Decimal Classification
Suppress in OPAC
Existencias
Codigo completo Registro Colección Copia número Disponibilidad Tipo de préstamo Biblioteca Actual Procedencia (Biblioteca) Ubicacón Fecha Ingreso Tipo de Adquisición Date last seen Total checkouts Price effective from Tipo de Item Estado del Material Fuente de Clasificación Damaged status Withdrawn status
343.4 E386A 1055483 Universidad Católica San Pablo 1 Disponible Disponible Víctor Andrés Belaunde Víctor Andrés Belaunde Primer piso 03/06/2026 Suscripción 06/03/2026   06/03/2026 Libro Bueno Dewey Decimal Classification